000 00742cam a22002533a 4500
001 20650
003 PGUSA
005 20140828083435.0
008 070224s2007||||xxu|||||s|||||000 1 eng d
040 _aPGUSA
_beng
042 _adc
050 4 _aPZ
100 1 _aBarbour, Ralph Henry,
_d1870-1944
245 1 0 _aLeft End Edwards
_h[electronic resource] /
_cRalph Henry Barbour
260 _bProject Gutenberg,
_c2007
506 _aPublic domain in the USA.
516 _aElectronic text
653 _aFootball -- Juvenile fiction
653 _aSchools -- Juvenile fiction
700 1 _aRelyea, C. M.
_q(Charles M.),
_d1863-1932
830 0 _aProject Gutenberg
_v20650
856 4 0 _uhttp://www.gutenberg.org/ebooks/20650
942 _cEB
999 _c249905
_d249905